| 000 | 01009ntaaa2200265 4500 | ||
|---|---|---|---|
| 003 | 01 | ||
| 005 | 20251027201605.0 | ||
| 008 | 0714s1973 ag 01 | ||
| 040 |
_aAR-BaBN _bspa _cAR-BaBN _eaacr _dRIC |
||
| 082 | _a230 S | ||
| 100 |
_aStockwell, B. F. _914513 |
||
| 245 |
_a¿Qué podemos creer? : _bhacia una filosofía cristiana de la vida / _cB. F. Stockwell, con prólogo de Jorge P. Howard |
||
| 260 |
_aBuenos Aires : _bLa Aurora, _c1936 |
||
| 300 |
_a149 p. ; _c19 cm. |
||
| 500 | _aIncluye referencias bibliográficas al final del volumen | ||
| 505 | _tI. ¿Qué es la religión? | ||
| 505 | _tII. ¿Cómo se ha desarrollado la religión en la historia? | ||
| 505 | _tIII. ¿Qué entendemos por cristianismo? | ||
| 505 | _tIV. ¿Qué razones hay para creer en el Dios cristiano? | ||
| 505 | _tV. ¿Cómo se da Dios a conocer a los hombres? | ||
| 505 | _tVI. ¿Quién fue Jesucristo? | ||
| 650 |
_aRELIGION CRISTIANA _914514 |
||
| 700 |
_aHoward, Jorge P. _eprologuista _98039 |
||
| 942 | _cBK | ||
| 999 |
_c10486 _d10486 |
||